Sports Quiz

Random Sports or Numbers Quiz

Greatest Seattle Athletes by Number Quiz Stats

 Plays Quiz not verified by Sporcle

Challenge
Share
Tweet
Embed
Score 0/101 Timer 12:00
0 Plays Today
Number Athlete % Correct
24Ken Griffey Jr.
85%
20Gary Payton
82%
40Shawn Kemp
77%
51Ichiro Suzuki
73%
8Matt Hasselbeck
70.5%
11Edgar Martinez
67.5%
27John Johnson
66.5%
99Terry 'Tank' Johnson
66.5%
80Steve Largent
60%
37Shaun Alexander
59%
41Eugene Robinson
57.5%
71Walter Jones
56%
48Donald Jones
53.5%
73Doug Martin
52.5%
3Brandon Roy
50%
1Warren Moon
45%
96Cortez Kennedy
40%
75Lincoln Kennedy
39%
82Darrell Jackson
38.5%
10Nate McMillan
36%
32Fred Brown
34.5%
43Jack Sikma
34.5%
34Felix Hernandez
34%
17Dave Krieg
33.5%
94Chad Brown
33.5%
50Jamie Moyer
30%
35Kevin Durant
29.5%
22Elgin Baylor
29%
90Steve Emtman
29%
0Joel Smith
27.5%
67Bill Smith
27%
29Bret Boone
25.5%
76Steve Hutchinson
25.5%
21Alvin Davis
25%
Number Athlete % Correct
7Brock Huard
23.5%
19Lenny Wilkens
23.5%
13Slick Watts
23%
28Curt Warner
22%
31Jason Terry
21.5%
74Manu Tuiasosopo
21.5%
79Jacob Green
21.5%
1212th Man
21%
38Mack Strong
20.5%
23Jamal Crawford
19.5%
84Bobby Engram
18.5%
4Corey Dillon
17.5%
89Brian Blades
17.5%
45Kenny Easley
17%
6Sonny Sixkiller
15.5%
14Tim Lincecum
14.5%
5Mario Bailey
13.5%
42Chris Warren
13.5%
15Danielle Lawrie
13%
33Steve Hawes
13%
77Jeff Bryant
12%
72Joe Nash
11%
9Lawyer Milloy
9.5%
61Robbie Tobeck
9.5%
00Jeffrey Leonard
9%
70Michael Sinclair
9%
98Sam Adams
8%
36Gaylord Perry
6.5%
62Chris Gray
6%
97Patrick Kerney
6%
56Jim Bouton
5%
81Daryl Turner
5%
85Mark Bruener
5%
93John Randle
5%
Number Athlete % Correct
25Bob Houbregs
4.5%
57Tony Woods
4.5%
87John Brady
4.5%
58Blair Bush
3.5%
83Steve Raible
3.5%
88Itula Mili
3.5%
44Clint Richardson Jr.
3%
46Jason Chorak
3%
92Dave Wyman
3%
16Steve Pelluer
2.5%
54Dave Hoffmann
2%
47Pat Conniff
1.5%
66Rick Redman
1.5%
78Curt Marsh
1.5%
2Chuck Carroll
1%
26Russell Hairston
1%
52Kevin Mawae
1%
60Bern Brostek
1%
91Brian Habib
1%
95Jabari Issa
1%
18Jeff Jaeger
0.5%
30 Junior Coffey
0.5%
39Dick Sprague
0.5%
49Steve Springstead
0.5%
53Arnie Weinmaster
0.5%
55Roy McKasson
0.5%
59Ray Pinney
0.5%
63Jeff Toews
0.5%
64Kyle Benn
0.5%
65Vic Markov
0.5%
68Elliott Silvers
0.5%
69Kurth Connell
0.5%
86Scott Greenwood
0.5%

You're not logged in!

Compare scores with friends on all Sporcle quizzes.
OR
Log In

You Might Also Like...

Show Comments

Extras

Top Quizzes Today


Score Distribution

Your Account Isn't Verified!

In order to create a playlist on Sporcle, you need to verify the email address you used during registration. Go to your Sporcle Settings to finish the process.

Report this User

Report this user for behavior that violates our Community Guidelines.

Details: